[Event "Mittelfranken-chTB1 1819"]
[Site "Mittelfranken"]
[Date "2018.12.02"]
[Round "3.1"]
[White "Bayer, Marius"]
[Black "Boese, Klaus"]
[Result "1/2-1/2"]
[WhiteElo "1935"]
[BlackElo "1930"]
[PlyCount "85"]
[EventDate "2018.10.14"]
[EventType "team-tourn"]
[EventRounds "9"]
[EventCountry "GER"]
[SourceTitle "EXT 2022"]
[Source "ChessBase"]
[SourceDate "2021.10.06"]
[SourceVersion "1"]
[SourceVersionDate "2021.10.06"]
[SourceQuality "1"]
[WhiteTeam "Lauf SV"]
[BlackTeam "Bechhofen"]
[WhiteTeamCountry "GER"]
[BlackTeamCountry "GER"]

1. d4 Nf6 2. c4 c5 3. d5 e5 4. Nc3 d6 5. e4 g6 6. Be2 a6 7. Bg5 h6 8. Be3 Bg7 9. h3 0-0 10. Qd2 Kh7 11. g4 Ng8 12. Bd3 Bd7 13. a4 Be8 14. h4 Nd7 15. Nf3 Ndf6 16. Ng5+ Kh8 17. Be2 Ne7 18. Nh3 Bd7 19. g5 Ng4 20. Bxg4 Bxg4 21. gxh6 Bf6 22. Ng5 Ng8 23. h7 Ne7 24. Ne2 Bg7 25. f3 Bd7 26. h5 f5 27. Ne6 Bxe6 28. dxe6 f4 29. Bf2 Rf6 30. 0-0-0 Rxe6 31. Bxc5 Qc7 32. Ba3 Qxc4+ 33. Nc3 b5 34. Qd3 Rc8 35. axb5 axb5 36. Qxc4 Rxc4 37. Bxd6 b4 38. Bxe7 Rxe7 39. hxg6 Rc8 40. Kc2 bxc3 41. bxc3 Rec7 42. Rd3 Bf8 43. Rhd1 1/2-1/2

[Event "Mittelfranken-chTB1 1718"]
[Site "Mittelfranken"]
[Date "2018.01.28"]
[Round "4.4"]
[White "Shen, Julian"]
[Black "Bayer, Marius"]
[Result "0-1"]
[WhiteElo "1893"]
[BlackElo "1940"]
[PlyCount "54"]
[EventDate "2017.10.08"]
[EventType "team-tourn"]
[EventRounds "9"]
[EventCountry "GER"]
[SourceTitle "EXT 2022"]
[Source "ChessBase"]
[SourceDate "2021.10.06"]
[SourceVersion "1"]
[SourceVersionDate "2021.10.06"]
[SourceQuality "1"]
[WhiteTeam "Rothenburg"]
[BlackTeam "Lauf SV"]
[WhiteTeamCountry "GER"]
[BlackTeamCountry "GER"]

1. e4 c5 2. Nf3 e6 3. d4 cxd4 4. Nxd4 Nc6 5. Nb5 a6 6. Nd6+ Bxd6 7. Qxd6 Qe7 8. Qxe7+ Ngxe7 9. c3 0-0 10. Be2 b5 11. Bf4 e5 12. Bg3 d5 13. exd5 Nxd5 14. 0-0 Be6 15. c4 Nd4 16. Bd1 Nb4 17. Nd2 f6 18. cxb5 axb5 19. a3 Nd3 20. b3 Rfc8 21. a4 Rc3 22. Bf3 Nxf3+ 23. Nxf3 b4 24. Rfb1 Rxb3 25. Rxb3 Bxb3 26. a5 Bc2 27. Nd2 b3 0-1

[Event "Mittelfranken-chTB1 1718"]
[Site "Mittelfranken"]
[Date "2017.10.08"]
[Round "1.3"]
[White "Kaiser, Harald"]
[Black "Bayer, Marius"]
[Result "1/2-1/2"]
[WhiteElo "1989"]
[BlackElo "1940"]
[PlyCount "36"]
[EventDate "2017.10.08"]
[EventType "team-tourn"]
[EventRounds "9"]
[EventCountry "GER"]
[SourceTitle "EXT 2022"]
[Source "ChessBase"]
[SourceDate "2021.10.06"]
[SourceVersion "1"]
[SourceVersionDate "2021.10.06"]
[SourceQuality "1"]
[WhiteTeam "Bechhofen"]
[BlackTeam "Lauf SV"]
[WhiteTeamCountry "GER"]
[BlackTeamCountry "GER"]

1. e4 c5 2. d4 cxd4 3. c3 Nf6 4. e5 Nd5 5. Bc4 Nb6 6. Bb3 e6 7. cxd4 Nc6 8. Nf3 d6 9. Qe2 dxe5 10. dxe5 Bb4+ 11. Nbd2 0-0 12. 0-0 Qc7 13. a3 Be7 14. Re1 a5 15. Nf1 a4 16. Bc2 f5 17. exf6 Bxf6 18. Qe4 g6 1/2-1/2

[Event "Mittelfranken-chTB1 1617"]
[Site "Mittelfranken"]
[Date "2017.05.14"]
[Round "9.5"]
[White "Bayer, Marius"]
[Black "Link, Andreas"]
[Result "1/2-1/2"]
[WhiteElo "1940"]
[BlackElo "1950"]
[PlyCount "137"]
[EventDate "2016.10.23"]
[EventType "team-tourn"]
[EventRounds "9"]
[EventCountry "GER"]
[SourceTitle "EXT 2022"]
[Source "ChessBase"]
[SourceDate "2021.10.06"]
[SourceVersion "1"]
[SourceVersionDate "2021.10.06"]
[SourceQuality "1"]
[WhiteTeam "Lauf SV"]
[BlackTeam "Nuernberg Zabo Eintracht"]
[WhiteTeamCountry "GER"]
[BlackTeamCountry "GER"]

1. Nf3 Nf6 2. c4 c5 3. d4 cxd4 4. Nxd4 Nc6 5. Nc3 e6 6. e4 Bb4 7. Nxc6 bxc6 8. Qd4 Qb6 9. Qxb6 axb6 10. Bd2 e5 11. Bd3 Ba6 12. a3 Bc5 13. 0-0 0-0 14. b4 Bd4 15. Ra2 d5 16. b5 dxc4 17. Bxc4 cxb5 18. Bxb5 Bxb5 19. Nxb5 Nxe4 20. Nxd4 exd4 21. Bb4 Rfd8 22. f3 Nc5 23. Rd1 Ne6 24. Rc2 Rdc8 25. Rdd2 f6 26. Kf1 Kf7 27. g3 b5 28. Rxc8 Rxc8 29. Ke2 f5 30. f4 h6 31. h4 h5 32. Kd3 Rc1 33. Ke2 Rc4 34. Kd3 g6 35. Re2 Rc1 36. Re1 Rxe1 37. Bxe1 Ke7 38. Bf2 Kd6 39. Bxd4 Kd5 40. Be3 Nd8 41. Bd2 Nc6 42. Bc3 Ne7 43. Be5 Nc8 44. Bc7 Kc6 45. Ba5 Kc5 46. Kc3 Kd5 47. Kd3 Nd6 48. Bd2 Ne4 49. Be1 Nc5+ 50. Kc3 Ne4+ 51. Kd3 Nd6 52. Bd2 Ne4 53. Be1 Kc5 54. Bb4+ Kc6 55. Be1 Kd5 56. Ke3 Kc4 57. Kf3 Kd3 58. Bb4 Nd2+ 59. Kf2 Nc4 60. Kf3 Kd4 61. Be7 Nb6 62. Bf8 Nd5 63. Bd6 Kc4 64. Bf8 b4 65. axb4 Nxb4 66. Bxb4 Kxb4 67. Kf2 Kc4 68. Ke2 Kd4 69. Kd2 1/2-1/2

[Event "Mittelfranken-chTB1 1617"]
[Site "Mittelfranken"]
[Date "2017.03.05"]
[Round "7.5"]
[White "Bayer, Marius"]
[Black "Renner, Christian"]
[Result "1-0"]
[WhiteElo "1940"]
[BlackElo "1904"]
[PlyCount "93"]
[EventDate "2016.10.23"]
[EventType "team-tourn"]
[EventRounds "9"]
[EventCountry "GER"]
[SourceTitle "EXT 2022"]
[Source "ChessBase"]
[SourceDate "2021.10.06"]
[SourceVersion "1"]
[SourceVersionDate "2021.10.06"]
[SourceQuality "1"]
[WhiteTeam "Lauf SV"]
[BlackTeam "Nuernberg Noris Tarrasch III"]
[WhiteTeamCountry "GER"]
[BlackTeamCountry "GER"]

1. c4 Nf6 2. Nf3 e6 3. Nc3 Bb4 4. Qc2 0-0 5. e4 c5 6. e5 Bxc3 7. bxc3 Ne8 8. d4 d6 9. Bd3 h6 10. 0-0 Nc6 11. Ba3 b6 12. Rad1 dxe5 13. dxc5 Qe7 14. Qa4 Nf6 15. cxb6 Qb7 16. Bxf8 e4 17. Bxe4 Nxe4 18. Qc2 Nf6 19. Bd6 Qxb6 20. c5 Qa6 21. Rb1 Qc4 22. Qb3 Ba6 23. Rfe1 Nd5 24. Qxc4 Bxc4 25. a3 Nxc3 26. Rb7 Bd5 27. Rb2 f6 28. Rc1 Ne4 29. Bf4 Rc8 30. Be3 Rc7 31. Ne1 f5 32. Nd3 g5 33. Nb4 Rb7 34. f3 Nf6 35. Nxd5 Rxb2 36. Nxf6+ Kf7 37. Nd7 Ke7 38. Ne5 Nxe5 39. Bd4 Re2 40. Kf1 Nd3 41. Rd1 Nf4 42. g3 Rxh2 43. gxf4 Ra2 44. Rc1 Rd2 45. Be5 Rd5 46. c6 Kd8 47. c7+ 1-0

[Event "Mittelfranken-chTB2b 1516"]
[Site "Mittelfranken"]
[Date "2016.04.03"]
[Round "8.5"]
[White "Bayer, Marius"]
[Black "Brunner, Wolfgang"]
[Result "1/2-1/2"]
[WhiteElo "1938"]
[BlackElo "1862"]
[PlyCount "30"]
[EventDate "2015.10.18"]
[EventType "team-tourn"]
[EventRounds "9"]
[EventCountry "GER"]
[SourceTitle "EXT 2020"]
[Source "ChessBase"]
[SourceDate "2019.10.17"]
[SourceVersion "1"]
[SourceVersionDate "2019.10.17"]
[SourceQuality "1"]
[WhiteTeam "Lauf SV"]
[BlackTeam "Neumarkt"]
[WhiteTeamCountry "GER"]
[BlackTeamCountry "GER"]

1. c4 Nf6 2. Nc3 e6 3. e4 d5 4. cxd5 exd5 5. e5 d4 6. exf6 dxc3 7. fxg7 cxd2+ 8. Bxd2 Qe7+ 9. Qe2 Qxe2+ 10. Bxe2 Bxg7 11. Rc1 c6 12. Bc3 Rg8 13. g3 Be6 14. a3 Nd7 15. Nf3 Bh3 1/2-1/2

[Event "Mittelfranken-chTB2b 1516"]
[Site "Mittelfranken"]
[Date "2015.11.08"]
[Round "2.5"]
[White "Radeck, Jochen"]
[Black "Bayer, Marius"]
[Result "0-1"]
[WhiteElo "1750"]
[BlackElo "1938"]
[PlyCount "79"]
[EventDate "2015.10.18"]
[EventType "team-tourn"]
[EventRounds "9"]
[EventCountry "GER"]
[SourceTitle "EXT 2020"]
[Source "ChessBase"]
[SourceDate "2019.10.17"]
[SourceVersion "1"]
[SourceVersionDate "2019.10.17"]
[SourceQuality "1"]
[WhiteTeam "Forchheim III"]
[BlackTeam "Lauf SV"]
[WhiteTeamCountry "GER"]
[BlackTeamCountry "GER"]

1. Nf3 c5 2. c4 Nc6 3. Nc3 g6 4. g3 Bg7 5. Bg2 e5 6. e4 d6 7. 0-0 Nge7 8. d3 0-0 9. Nd5 h6 10. Be3 f5 11. h4 Nd4 12. Nxd4 cxd4 13. Bd2 Nxd5 14. cxd5 f4 15. Kh2 Qf6 16. f3 g5 17. hxg5 Qxg5 18. gxf4 exf4 19. Rh1 Rf6 20. Kg1 Rg6 21. Qf1 Bd7 22. Rc1 Bb5 23. Rh2 Rf8 24. Be1 Qd8 25. Kh1 Bd7 26. Bh4 Qb6 27. Bh3 Bxh3 28. Qxh3 Qa6 29. Be7 Rf7 30. Qd7 Qxd3 31. Rf2 Qe3 32. Rcf1 Kh7 33. Qe8 Rxe7 34. Qxe7 d3 35. Qxb7 Rg5 36. Qb4 Rh5+ 37. Kg1 Rg5+ 38. Kh1 Rh5+ 39. Rh2 Qe2 40. Rff2 0-1

[Event "Mittelfranken-chTB2b 1415"]
[Site "Mittelfranken"]
[Date "2014.10.12"]
[Round "2.5"]
[White "Rabenstein, Christian"]
[Black "Bayer, Marius"]
[Result "0-1"]
[WhiteElo "1734"]
[BlackElo "1938"]
[PlyCount "45"]
[EventDate "2014.09.28"]
[EventType "team-tourn"]
[EventRounds "9"]
[EventCountry "GER"]
[SourceTitle "EXT 2020"]
[Source "ChessBase"]
[SourceDate "2019.10.17"]
[SourceVersion "1"]
[SourceVersionDate "2019.10.17"]
[SourceQuality "1"]
[WhiteTeam "Nuernberg NT IV"]
[BlackTeam "Lauf SV"]
[WhiteTeamCountry "GER"]
[BlackTeamCountry "GER"]

1. c4 Nf6 2. Nc3 d5 3. cxd5 Nxd5 4. g3 e5 5. Bg2 c6 6. Qb3 Nb6 7. Qc2 Be6 8. Nf3 f6 9. 0-0 N8d7 10. d4 Qc7 11. dxe5 Nxe5 12. Nxe5 Qxe5 13. Bf4 Qc5 14. e4 Be7 15. Rad1 0-0 16. b3 Rad8 17. Be3 Qa5 18. Ne2 c5 19. Nf4 Bf7 20. Bd2 Qb5 21. Bc3 c4 22. bxc4 Qxc4 23. Qb3 0-1

[Event "Regionalliga NO 1213"]
[Site "Bayern"]
[Date "2013.01.13"]
[Round "5.5"]
[White "Burggraf, Michael"]
[Black "Bayer, Marius"]
[Result "1-0"]
[WhiteElo "2119"]
[BlackElo "1937"]
[PlyCount "133"]
[EventDate "2012.10.14"]
[EventType "team-tourn"]
[EventRounds "9"]
[EventCountry "GER"]
[SourceTitle "EXT 2015"]
[Source "ChessBase"]
[SourceDate "2014.11.20"]
[SourceVersion "1"]
[SourceVersionDate "2014.11.20"]
[SourceQuality "1"]
[WhiteTeam "Forchheim II"]
[BlackTeam "Lauf"]
[WhiteTeamCountry "GER"]
[BlackTeamCountry "GER"]

1. e4 c6 2. Nc3 d5 3. g3 e5 4. Bg2 Nf6 5. d3 dxe4 6. Nxe4 Nxe4 7. Bxe4 Be6 8. Bg2 Bc5 9. Nf3 f6 10. 0-0 Qb6 11. b3 0-0 12. Bb2 Rd8 13. Qe2 Bf7 14. Rad1 a5 15. Nh4 a4 16. Qg4 axb3 17. Nf5 g6 18. Nh6+ Kg7 19. Nxf7 Kxf7 20. axb3 Ra2 21. Rb1 Qb4 22. Be4 Bd4 23. Qh4 Rxb2 24. Rxb2 Kg7 25. Ra2 Qd2 26. Qg4 Na6 27. Qe6 Rf8 28. Qd7+ Rf7 29. Qc8 f5 30. Bg2 f4 31. g4 f3 32. Bh3 Qh6 33. g5 Qxg5+ 34. Qg4 Qd2 35. Ra4 Rf5 36. Qh4 Rg5+ 37. Kh1 Bc5 38. Rc4 b5 39. Re4 h6 40. Bg4 Qxc2 41. Bxf3 Qxd3 42. Bg2 Qxb3 43. Rg4 Qe6 44. Rxg5 hxg5 45. Qxg5 Bd4 46. f4 exf4 47. Qxf4 Bf6 48. Qf3 Nb4 49. Qg3 Nd5 50. Re1 Qd7 51. Be4 Qf7 52. Qd6 Qc7 53. Qxc7+ Nxc7 54. Bxc6 b4 55. Rd1 Be5 56. Ba4 Kf6 57. Kg2 Ne6 58. Rf1+ Kg5 59. Re1 Nf4+ 60. Kf3 Kf6 61. Ke4 Ne6 62. Rf1+ Bf4 63. h4 Ke7 64. Kd5 Bd2 65. Rf2 Nf4+ 66. Ke4 Bc1 67. Rc2 1-0

[Event "Regionalliga NO 1213"]
[Site "Bayern"]
[Date "2012.12.09"]
[Round "4.5"]
[White "Bayer, Marius"]
[Black "Paar, Johannes"]
[Result "1/2-1/2"]
[WhiteElo "1937"]
[BlackElo "1919"]
[PlyCount "98"]
[EventDate "2012.10.14"]
[EventType "team-tourn"]
[EventRounds "9"]
[EventCountry "GER"]
[SourceTitle "EXT 2015"]
[Source "ChessBase"]
[SourceDate "2014.11.20"]
[SourceVersion "1"]
[SourceVersionDate "2014.11.20"]
[SourceQuality "1"]
[WhiteTeam "Lauf"]
[BlackTeam "Schwandorf"]
[WhiteTeamCountry "GER"]
[BlackTeamCountry "GER"]

1. d4 Nf6 2. Nf3 d5 3. e3 e6 4. Bd3 Be7 5. 0-0 Nbd7 6. b3 0-0 7. Bb2 Ne4 8. Nbd2 f5 9. Ne5 Nxe5 10. dxe5 Bd7 11. c4 Nxd2 12. Qxd2 c6 13. Rfd1 Be8 14. Qe2 Bg6 15. f4 Qe8 16. h3 Bh5 17. g4 fxg4 18. hxg4 Bg6 19. Rac1 Bxd3 20. Qxd3 Rd8 21. cxd5 Rxd5 22. Qe4 Qd7 23. Rxd5 cxd5 24. Qc2 Qb5 25. Bd4 Ba3 26. Rd1 b6 27. Rd2 Qd7 28. Qd3 Rc8 29. Rh2 Rc1+ 30. Kf2 g6 31. Kf3 Bf8 32. Bb2 Rc7 33. Rc2 Qc8 34. Rxc7 Qxc7 35. Qc3 Qxc3 36. Bxc3 Kf7 37. Kg3 Bc5 38. Kf3 h5 39. gxh5 gxh5 40. Be1 Kg6 41. Bh4 Kf5 42. a4 a6 43. Bd8 b5 44. axb5 axb5 45. Bg5 Bb4 46. Bh4 Ba5 47. Be7 Be1 48. Ke2 Bc3 49. Kf3 Ba5 1/2-1/2

[Event "Regionalliga NO 1213"]
[Site "Bayern"]
[Date "2012.11.11"]
[Round "2.5"]
[White "Bayer, Marius"]
[Black "Reichmann, Ulrich"]
[Result "1/2-1/2"]
[WhiteElo "1937"]
[BlackElo "1955"]
[PlyCount "38"]
[EventDate "2012.10.14"]
[EventType "team-tourn"]
[EventRounds "9"]
[EventCountry "GER"]
[SourceTitle "EXT 2015"]
[Source "ChessBase"]
[SourceDate "2014.11.20"]
[SourceVersion "1"]
[SourceVersionDate "2014.11.20"]
[SourceQuality "1"]
[WhiteTeam "Lauf"]
[BlackTeam "Gunzenhausen"]
[WhiteTeamCountry "GER"]
[BlackTeamCountry "GER"]

1. e4 c5 2. Nf3 Nc6 3. Bb5 e5 4. Bxc6 dxc6 5. d3 Bd6 6. h3 Ne7 7. 0-0 0-0 8. Nc3 Ng6 9. Re1 h6 10. b3 Be6 11. Be3 Qd7 12. Nd2 b6 13. Qh5 Kh7 14. Nf3 f6 15. Nh4 Nxh4 16. Qxh4 g5 17. Qh5 Bf7 18. Qg4 Be6 19. Qh5 Bf7 1/2-1/2

[Event "Regionalliga NO 1011"]
[Site "Bayern"]
[Date "2011.01.16"]
[Round "5.5"]
[White "Bachstein, Dustin"]
[Black "Bayer, Marius"]
[Result "1-0"]
[WhiteElo "2060"]
[BlackElo "1948"]
[PlyCount "61"]
[EventDate "2010.10.10"]
[EventType "team-tourn"]
[EventRounds "9"]
[EventCountry "GER"]
[SourceTitle "EXT 2012"]
[Source "ChessBase"]
[SourceDate "2011.11.24"]
[SourceVersion "1"]
[SourceVersionDate "2011.11.24"]
[SourceQuality "1"]
[WhiteTeam "Erlangen"]
[BlackTeam "Lauf"]
[WhiteTeamCountry "GER"]
[BlackTeamCountry "GER"]

1. e4 c5 2. Nf3 Nc6 3. d4 cxd4 4. Nxd4 g6 5. Be3 Bg7 6. Nc3 Nf6 7. Bc4 Qa5 8. 0-0 0-0 9. Bb3 d6 10. h3 Bd7 11. Nxc6 bxc6 12. Qd2 Rad8 13. Rad1 Bc8 14. Bh6 Bxh6 15. Qxh6 Qh5 16. Qxh5 Nxh5 17. f4 e6 18. g4 Ng7 19. Rd4 h5 20. Rfd1 d5 21. exd5 exd5 22. gxh5 gxh5 23. Ba4 Rd6 24. Kh2 Rg6 25. Rg1 Nf5 26. Rdd1 Bb7 27. Rg5 Ng7 28. Re1 Ne6 29. Rxg6+ fxg6 30. Rxe6 Rxf4 31. Rxg6+ 1-0

[Event "Regionalliga NO 1011"]
[Site "Bayern"]
[Date "2010.10.10"]
[Round "1.6"]
[White "Bayer, Marius"]
[Black "Laubert, Johannes"]
[Result "0-1"]
[WhiteElo "1948"]
[BlackElo "2017"]
[PlyCount "158"]
[EventDate "2010.10.10"]
[EventType "team-tourn"]
[EventRounds "9"]
[EventCountry "GER"]
[SourceTitle "EXT 2012"]
[Source "ChessBase"]
[SourceDate "2011.11.24"]
[SourceVersion "1"]
[SourceVersionDate "2011.11.24"]
[SourceQuality "1"]
[WhiteTeam "Lauf"]
[BlackTeam "Windischeschenbach"]
[WhiteTeamCountry "GER"]
[BlackTeamCountry "GER"]

1. d4 Nf6 2. Nf3 g6 3. Nc3 d5 4. Bf4 c6 5. e3 Bf5 6. Be2 Bg7 7. Ne5 Nfd7 8. g4 Be6 9. Bg3 Nxe5 10. dxe5 Nd7 11. f4 Qb6 12. Qd2 f6 13. Na4 Qd8 14. exf6 Bxf6 15. 0-0 b5 16. Nc3 b4 17. Nd1 Qb6 18. a3 bxa3 19. Rxa3 Nc5 20. Qa5 0-0 21. f5 gxf5 22. gxf5 Bd7 23. Bc7 Qxa5 24. Rxa5 Ne4 25. c4 d4 26. Be5 Nd2 27. Rf2 Nb3 28. Rg2+ Kh8 29. Bxf6+ Rxf6 30. Ra3 Nd2 31. exd4 Bxf5 32. Nf2 Rd6 33. Re3 e6 34. Bd3 Rf8 35. Bxf5 Rxf5 36. d5 cxd5 37. cxd5 Rfxd5 38. Ne4 Nxe4 39. Rxe4 Rd1+ 40. Kf2 R1d2+ 41. Re2 Rd7 42. Ke3 Rxe2+ 43. Kxe2 Rg7 44. Rf2 Kg8 45. Ke3 Rf7 46. Rg2+ Kf8 47. Ke4 Ke7 48. Ke5 Rf5+ 49. Ke4 Kf6 50. Rc2 h6 51. b4 Rb5 52. Rc4 Rh5 53. Rc7 Rxh2 54. Kd3 Ra2 55. Rh7 Kg5 56. Rg7+ Kh5 57. b5 Ra5 58. Kc4 e5 59. Kb4 Ra1 60. Re7 Kg4 61. Rxe5 h5 62. Re4+ Kg3 63. Re3+ Kf4 64. Re7 h4 65. Rf7+ Kg3 66. Rg7+ Kh2 67. Kc5 h3 68. Kc6 Kh1 69. Kb7 Ra5 70. Kc6 h2 71. Rg8 Ra2 72. Kb7 Ra5 73. Kc6 Ra2 74. Kb7 Rb2 75. Ka6 Rg2 76. Rc8 Ra2+ 77. Kb7 Kg1 78. Rg8+ Rg2 79. Rh8 Rg7+ 0-1

[Event "Mittelfranken-chTB1 0910"]
[Site "Mittelfranken"]
[Date "2010.03.14"]
[Round "8.6"]
[White "Bayer, Marius"]
[Black "Auer, Guenther"]
[Result "1/2-1/2"]
[WhiteElo "1952"]
[BlackElo "2009"]
[PlyCount "23"]
[EventDate "2009.10.11"]
[EventType "team-tourn"]
[EventRounds "9"]
[EventCountry "GER"]
[SourceTitle "EXT 2011"]
[Source "ChessBase"]
[SourceDate "2010.11.26"]
[SourceVersion "1"]
[SourceVersionDate "2010.11.26"]
[SourceQuality "1"]
[WhiteTeam "Lauf"]
[BlackTeam "Altensittenbach"]
[WhiteTeamCountry "GER"]
[BlackTeamCountry "GER"]

1. d4 d5 2. Nf3 Nc6 3. g3 Bg4 4. Bg2 e6 5. 0-0 Nf6 6. b3 Bd6 7. Bb2 Ne7 8. Nbd2 0-0 9. Ne5 Bxe5 10. dxe5 Nd7 11. c4 c6 12. Rc1 1/2-1/2

[Event "Mittelfranken-chTB1 0809"]
[Site "Mittelfranken"]
[Date "2008.12.07"]
[Round "3.6"]
[White "Zippel, Harald"]
[Black "Bayer, Marius"]
[Result "1/2-1/2"]
[WhiteElo "1789"]
[BlackElo "1918"]
[PlyCount "41"]
[EventDate "2008.10.12"]
[EventType "team"]
[EventRounds "9"]
[EventCountry "GER"]
[SourceTitle "EXT 2011"]
[Source "ChessBase"]
[SourceDate "2010.11.26"]
[SourceVersion "1"]
[SourceVersionDate "2010.11.26"]
[SourceQuality "1"]
[WhiteTeam "Nuernberg NT IV"]
[BlackTeam "Lauf"]
[WhiteTeamCountry "GER"]
[BlackTeamCountry "GER"]

1. e4 c5 2. Nf3 Nc6 3. d4 cxd4 4. c3 dxc3 5. Nxc3 g6 6. Bc4 Bg7 7. 0-0 Nf6 8. Qe2 0-0 9. Rd1 Qa5 10. Bf4 d6 11. h3 a6 12. Nd5 b5 13. Bd2 Qd8 14. Nxf6+ Bxf6 15. Bd5 Qc7 16. Rac1 Bb7 17. Bc3 Bxc3 18. Rxc3 Qb6 19. Qd2 Kg7 20. Rdc1 Rac8 21. a3 1/2-1/2

[Event "Mittelfrankenliga-B1 0506"]
[Site "Germany"]
[Date "2005.10.16"]
[Round "1.7"]
[White "Bayer, Marius"]
[Black "Berkovych, Igor"]
[Result "0-1"]
[WhiteElo "1879"]
[BlackElo "1913"]
[PlyCount "72"]
[EventDate "2005.10.16"]
[EventType "team"]
[EventRounds "9"]
[EventCountry "GER"]
[SourceTitle "EXT 2007"]
[Source "ChessBase"]
[SourceDate "2006.11.23"]
[SourceVersion "1"]
[SourceVersionDate "2006.11.23"]
[SourceQuality "1"]

1. d4 Nf6 2. Nf3 g6 3. Nc3 Bg7 4. e4 d6 5. Bc4 0-0 6. Qe2 c6 7. e5 dxe5 8. dxe5 Nd5 9. Bd2 Bg4 10. h3 Bxf3 11. gxf3 Nxc3 12. Bxc3 e6 13. Bd3 Nd7 14. 0-0-0 Qc7 15. f4 Nb6 16. h4 h5 17. Rdg1 Nd5 18. Bd2 c5 19. Bxg6 fxg6 20. Rxg6 Nxf4 21. Bxf4 Rxf4 22. Rhg1 Rg4 23. R1xg4 hxg4 24. h5 Kf7 25. f4 Qc6 26. Qd1 g3 27. b3 c4 28. Qg4 Qh1+ 29. Kb2 c3+ 30. Ka3 Bf8+ 31. b4 Qc1+ 32. Ka4 Qxc2+ 33. Kb5 Qd3+ 34. Ka4 b5+ 35. Ka5 Qd8+ 36. Ka6 Qb6# 0-1

[Event "Mittelfranken-ch HT 53rd"]
[Site "Lauf"]
[Date "2004.04.08"]
[Round "5"]
[White "Bayer, Marius"]
[Black "Goetz, Dieter"]
[Result "1/2-1/2"]
[WhiteElo "1787"]
[BlackElo "1884"]
[PlyCount "77"]
[EventDate "2004.04.06"]
[EventType "swiss"]
[EventRounds "9"]
[EventCountry "GER"]
[SourceTitle "EXT 2011"]
[Source "ChessBase"]
[SourceDate "2010.11.26"]
[SourceVersion "1"]
[SourceVersionDate "2010.11.26"]
[SourceQuality "1"]

1. d4 Nf6 2. Nf3 d6 3. e3 Nbd7 4. c4 e5 5. Nc3 c6 6. Be2 Be7 7. Qc2 0-0 8. 0-0 Re8 9. Rd1 Qc7 10. e4 Nf8 11. d5 Ng6 12. a3 Bd7 13. b4 Rac8 14. Bd2 h6 15. Rac1 Bf8 16. Ne1 cxd5 17. cxd5 a6 18. Qb1 Qd8 19. Be3 b5 20. f3 Nf4 21. Bf1 N6h5 22. Nd3 Qg5 23. Kh1 Qg6 24. Nxf4 Nxf4 25. Ne2 Nh5 26. Rxc8 Bxc8 27. Rc1 f5 28. Rc7 fxe4 29. fxe4 Nf6 30. Ng3 h5 31. Bd3 h4 32. Nf1 h3 33. Qc2 Nh5 34. Qd2 Nf4 35. Bxf4 exf4 36. Rc2 Qg4 37. Qf2 Be7 38. Be2 Qg6 39. Bf3 1/2-1/2

[Event "Mittelfranken-ch HT 53rd"]
[Site "Lauf"]
[Date "2004.04.08"]
[Round "6"]
[White "Meyer, Juergen1111"]
[Black "Bayer, Marius"]
[Result "1-0"]
[WhiteElo "1809"]
[BlackElo "1787"]
[PlyCount "35"]
[EventDate "2004.04.06"]
[EventType "swiss"]
[EventRounds "9"]
[EventCountry "GER"]
[SourceTitle "EXT 2011"]
[Source "ChessBase"]
[SourceDate "2010.11.26"]
[SourceVersion "1"]
[SourceVersionDate "2010.11.26"]
[SourceQuality "1"]

1. c4 e5 2. Nc3 f5 3. d3 Nf6 4. g3 Bc5 5. Bg2 c6 6. e3 d5 7. cxd5 cxd5 8. Qb3 e4 9. Qb5+ Bd7 10. Qxc5 Bc6 11. d4 Nbd7 12. Qa3 g5 13. Nge2 Nh5 14. Bd2 f4 15. exf4 Nb6 16. b3 Qf6 17. fxg5 Qf7 18. Nf4 1-0

[Event "Seebach op 14th"]
[Site "Grossenseebach"]
[Date "2003.06.20"]
[Round "4"]
[White "Bayer, Marius"]
[Black "Hegele, Juergen"]
[Result "1-0"]
[WhiteElo "1836"]
[BlackElo "1869"]
[PlyCount "87"]
[EventDate "2003.06.19"]
[EventType "swiss"]
[EventRounds "7"]
[EventCountry "GER"]
[SourceTitle "EXT 2018"]
[Source "ChessBase"]
[SourceDate "2017.10.13"]
[SourceVersion "1"]
[SourceVersionDate "2017.10.13"]
[SourceQuality "1"]

1. d4 Nf6 2. Nf3 e6 3. c4 b6 4. e3 Bb7 5. Bd3 Bb4+ 6. Bd2 Qe7 7. 0-0 Bxd2 8. Nbxd2 Na6 9. a3 0-0 10. Qc2 d6 11. Rfe1 Rfe8 12. e4 e5 13. d5 Nh5 14. b4 Nf4 15. Bf1 Qf6 16. g3 Ng6 17. Rac1 Rac8 18. Qd3 Qe7 19. Nb3 Red8 20. Qe3 Ra8 21. Rc2 Nb8 22. c5 Bc8 23. Rec1 Bg4 24. Nfd2 Nf8 25. cxb6 cxb6 26. f3 Bh5 27. Rc8 Qe8 28. Bb5 Nbd7 29. R8c6 a5 30. Nc4 axb4 31. Nxd6 Qe7 32. Nf5 Qe8 33. axb4 Bg6 34. Nh4 Rdc8 35. Rxb6 Rxc1+ 36. Qxc1 Qe7 37. Bxd7 Nxd7 38. Rb7 Qd8 39. Qc7 Qxc7 40. Rxc7 Nb6 41. Nxg6 hxg6 42. Rc6 Rb8 43. Nc5 Kf8 44. Rxb6 1-0